000
00274nam a2200097Ia 4500
001
717383
005
20250826163003.0
008
250824s9999 xx 000 0 und d
245
0
_a
GÖKTEN NOT YAĞIYOR ROSİE İLE MUSANIN MACERALARI
_c
MICHAEL DE COCK
260
_b
HAYY YAYINLARI
999
_c
717383
_d
717383